000 00492nam a2200169Ia 4500
003 GCL
008 140319s9999 xx 000 0 ara d
040 _aGCL /
_cGCL
082 0 4 _a912.5353
_bج س
100 1 _aجيو يروجكتس
245 1 0 _aسلطنة عمان /
_cجيو يروجكتس
490 _aالهيئة العامة للاستعلامات
_v0
650 0 4 _aسلطنة عمان
650 0 4 _aالخرائط
650 0 4 _aسلطنة عمان - خرائط
942 _2ddc
_cBK
999 _c50812
_d50812